Les meilleures sagas au cinéma - Statistiques

Statistiques générales
  • Ce quiz a été pris 4 444 fois
  • Le résultat moyen est 7 sur 21
Statistiques - réponses
Hint16 Réponse % Correct
2 Star Wars
92%
5 Harry Potter
89%
8 Le Seigneur des Anneaux
80%
3 Indiana Jones
50%
1 Retour vers le Futur
49%
16 Jurassic Park
38%
21 Matrix
36%
4 Alien
33%
14 Pirates des Caraïbes
31%
11 Terminator
31%
17 Twilight
25%
9 Star Trek
24%
7 Mad Max
21%
6 The Dark Knight
18%
20 X-Men
18%
19 Men in Black
13%
13 Superman
13%
15 La Planète des Singes
11%
18 Le monde de narnia
9%
12 SOS Fantômes
6%
10 L’Histoire sans Fin
2%
Aucun quiz correspondant
Distribution des résultats
% des personnes avec chaque résultat
Percentile par nombre de réponses
Votre historique - résultats
Vous n’avez pas pris ce quiz